000 00352 a2200157 4500
001 159381
020 _a
040 _cMagnum
100 _aEditora a Bril
240 1 0 _aRevista recreio:mes de setembro
_lpor
245 1 0 _aRevista recreio:mes de setembro
362 0 _a1899
440 1 _aAbril
697 _aMAGNITO: INFANTO JUVENIL
942 _cBK
999 _c159381
_d159381